Methodische und rechtliche Probleme beim Nachweis von Hemmstoffen in Milch /

Bibliographic Details
Main Author: Schiffmann, Arthur Peter
Format: Thesis Book
Language:German
Published: Hannover : [publisher not identified], 1992.

MARC

Tag First Indicator Second Indicator Subfields
LEADER 00000cam a2200000Ka 4500
001 in00004521921
005 20191205081645.0
008 930304s1992 gw a bm 000 0 ger
035 |a (OCoLC)ocm27667788 
035 |a (OCoLC)27667788 
035 |z (UtOrBLW)61832 
035 |a 88958 
040 |a AGL  |b eng  |c AGL  |d OCLCQ  |d UtOrBLW 
041 0 |a ger  |b eng 
049 |a TMVM 
072 0 |a Q201 
072 0 |a Q501 
100 1 |a Schiffmann, Arthur Peter. 
242 0 0 |a Methodical and juridical problems in the detection of inhibitors in milk.  |y eng 
245 1 0 |a Methodische und rechtliche Probleme beim Nachweis von Hemmstoffen in Milch /  |c vorgelegt von Arthur Peter Schiffmann. 
264 1 |a Hannover :  |b [publisher not identified],  |c 1992. 
300 |a 120 pages :  |b illustrations ;  |c 21 cm. 
336 |a text  |2 rdacontent  |b txt 
337 |a unmediated  |2 rdamedia 
338 |a volume  |2 rdacarrier  |b nc 
500 |a Summary in English. 
502 |b doctoral  |c Tierärztliche Hochschule Hannover  |d 1992. 
504 |a Includes bibliographical references (pages 103-120). 
999 |a MARS 
999 f f |s b6e18904-42cc-3a48-816d-1ee6f3fa10b5  |i f2156955-e48d-3707-add3-7342d57ba8da  |t 0 
952 f f |p preservation  |a Texas A&M University  |b J.J. Pickle Campus  |c High Density Repository  |d Remote Storage  |t 0  |e German dissertations  |h Other scheme  |i unmediated -- volume  |m 3238902445647 
998 f f |a German dissertations  |t 0  |l Remote Storage